The Ultimate College Basketball AP Poll - Statistics

General Stats
  • This quiz has been taken 13 times
  • The average score is 66 of 100
Answer Stats
# Player Points % Correct
14 Connecticut 6,944
100%
2 Duke 18,438
100%
28 Florida 4,916
100%
4 Kansas 16,474
100%
1 Kentucky 18,679
100%
12 Michigan 7,221
100%
9 Michigan State 8,007
100%
3 North Carolina 18,236
100%
5 UCLA 12,557
100%
7 Arizona 9,780
92%
45 Baylor 2,992
92%
13 Ohio State 7,037
92%
35 Texas 4,157
92%
17 Cincinnati 6,420
83%
74 Clemson 1,533
83%
20 Gonzaga 5,762
83%
30 Houston 4,580
83%
11 Illinois 7,545
83%
8 Indiana 9,066
83%
27 Iowa 4,974
83%
47 Iowa State 2,941
83%
50 LSU 2,769
83%
65 Oregon 1,806
83%
16 Purdue 6,539
83%
T32 St. John's 4,377
83%
10 Syracuse 7,678
83%
77 Texas Tech 1,482
83%
36 UNLV 3,804
83%
54 USC 2,381
83%
26 Virginia 5,259
83%
24 Alabama 5,317
75%
T32 Arkansas 4,377
75%
62 BYU 1,939
75%
61 Florida State 1,994
75%
21 Georgetown 5,478
75%
6 Louisville 10,093
75%
31 Memphis 4,442
75%
34 Missouri 4,174
75%
67 Oregon State 1,784
75%
75 Texas A&M 1,543
75%
43 Utah 3,307
75%
15 Villanova 6,801
75%
60 Washington 2,008
75%
41 West Virginia 3,528
75%
40 Wisconsin 3,582
75%
78 Arizona State 1,419
67%
44 Auburn 3,006
67%
76 Creighton 1,490
67%
53 Georgia Tech 2,491
67%
42 Kansas State 3,410
67%
18 Marquette 5,998
67%
19 Maryland 5,813
67%
48 Minnesota 2,898
67%
68 New Mexico 1,777
67%
23 Oklahoma 5,359
67%
37 Oklahoma State 3,744
67%
85 Pennsylvania 1,158
67%
51 San Francisco 2,739
67%
22 Tennessee 5,430
67%
98 Virginia Tech 771
67%
38 Wake Forest 3,648
67%
84 Boston College 1,180
58%
82 Butler 1,263
58%
94 California 906
58%
T86 Miami (FL) 1,141
58%
64 Mississippi State 1,881
58%
25 NC State 5,274
58%
100 New Mexico State 663
58%
29 Notre Dame 4,715
58%
39 Pittsburgh 3,635
58%
T86 San Diego State 1,141
58%
63 South Carolina 1,896
58%
49 Stanford 2,885
58%
57 Temple 2,191
58%
95 UTEP 868
58%
81 Massachusetts 1,289
50%
69 Seton Hall 1,729
50%
88 SMU 1,103
50%
96 Tulsa 867
50%
46 Vanderbilt 2,971
50%
56 Wichita State 2,315
50%
59 Xavier 2,079
50%
66 Dayton 1,802
42%
90 Loyola Chicago 1,000
42%
89 Saint Joseph's 1,082
42%
72 Saint Louis 1,647
42%
97 Seattle 866
42%
83 Davidson 1,183
33%
52 DePaul 2,506
33%
80 Holy Cross 1,306
33%
58 Providence 2,103
33%
73 Western Kentucky 1,586
33%
55 Bradley 2,317
25%
70 Duquesne 1,696
25%
71 La Salle 1,667
25%
79 St. Bonaventure 1,364
25%
93 George Washington 925
17%
99 Jacksonville 732
8%
91 Long Beach State 994
8%
92 Oklahoma City 969
0%
No matching quizzes found
Score Distribution
Percent of People with Each Score
Percentile by Number Answered
Your Score History
You have not taken this quiz